000 00230 a2200097 4500
001 43076
100 _aJamieson, A
245 _aApplied mechanics mechanical engineering
260 _aLondon
_bCh Griffin
_c
090 _c26933
_d26933
942 _aNUST-CAE
_cM
_c18817
999 _c278149
_d278149